• 首页
  • 本馆介绍
  • 公告通知
  • 最新文献
  • 馆藏检索
  • 电子资源
  • 读者导购
  • 参考咨询
  • 我的图书馆
  • 登录
  • 详细信息显示
  • 放入我的书架
  • 预约/预借图书
  • 作者相关作品
  • 分类相关作品
  • 丛书相关作品
  • 出版社相关作品

书目信息

  • 表格格式
  • 工作单格式
  • 卡片格式
题名:
环境经济学与环境管理
    
 
作者: 托马斯 , 卡兰 著 ;李建民 , 姚从容 译
分册:  
出版信息: 北京   清华大学出版社  2006
页数: 12,535页
开本: 26cm
丛书名: 工商管理优秀教材译丛
单 册:
中图分类: X196 , X32
科图分类:
主题词: 环境管理--教材 , 环境经济学--教材
电子资源:
ISBN: 7-302-11379-3
000 01492nam0 2200349 450
000 01496nam0 2200349 450
000 01429nam0 2200325 450
000 01392nam0 2200313 450
005 20070606174423.48
010    @a7-302-11379-3@dCNY58.00
100    @a20050801d2006 em y0chiy0120 ea
101 1  @achi@ceng
102    @aCN@b110000
105    @ay z 000yy
200 1  @a环境经济学与环境管理@AHuan Jing Jing Ji Xue Yu Huan Jing Guan Li@b专著@dEnvironmental economics & Management@e理论、政策和应用@ELi Lun、 Zheng Ce He Ying Yong@f(美)Scott J. Callan,(美)Janet M. Thomas著@F( Mei )Scott J. Callan,( Mei )Janet M. Thomas Zhu@g李建民,姚从容译@zeng
210    @a北京@c清华大学出版社@d2006
215    @a12,535页@d26cm
225 2  @a工商管理优秀教材译丛@i经济学系列
305    @a汤姆森学习出版集团授权出版 据原书第3版译出
330    @a本书分七篇,包括环境问题建模;环境问题解决途径建模;环境规划的分析工具;案例分析——空气、水、固体废物和有毒物质;全球环境管理。
410  0 @12001 @a工商管理优秀教材译丛
510 1  @aEnvironmental economics & Management@zeng
606 0  @a环境管理@j教材
606 0  @a环境经济学@j教材
690    @aX196@v4
690    @aX32@v4
701  1 @a托马斯@ATuo Ma Si@c(女,@gThomas, Janet M.)@c(美)@4著
701  1 @a卡兰@AKa Lan@g(Callan, Scott J.)@c(美)@4著
702  0 @a李建民@ALi Jian Min@c(环境经济学)@4译
702  0 @a姚从容@AYao Cong Rong@c(环境经济学)@4译
801  0 @aCN@bTAOJIN@c20070606
905    @a10447@dX196@e117=3
    
    环境经济学与环境管理=Environmental economics & Management:理论、政策和应用/(美)Scott J. Callan,(美)Janet M. Thomas著/李建民,姚从容译.-北京:清华大学出版社,2006
    12,535页;26cm.-(工商管理优秀教材译丛.经济学系列)
    
    
    ISBN 7-302-11379-3:CNY58.00
    本书分七篇,包括环境问题建模;环境问题解决途径建模;环境规划的分析工具;案例分析——空气、水、固体废物和有毒物质;全球环境管理。
●
相关链接 在E读中查询图书 在五车中查询图书 在当当中查询图书 在豆瓣中查询图书


正题名:环境经济学与环境管理     索取号:X196/117=3         预约/预借

序号 登录号 条形码 馆藏地/架位号 状态 备注
1 0526738   205267389   第二样本阅览室/ [索取号:X196/117=3] 在馆    
2 0526739   205267398   第三借阅区/ [索取号:X196/117=3] 在馆    
3 0526740   205267405   第三借阅区/ [索取号:X196/117=3] 在馆    
4 0526741   205267414   第三借阅区/ [索取号:X196/117=3] 在馆    
5 0526742   205267423   第三借阅区/ [索取号:X196/117=3] 在馆    
6 0526743   205267432   第三借阅区/ [索取号:X196/117=3] 在馆    
7 0526744   205267441   第三借阅区/ [索取号:X196/117=3] 在馆    
8 0526745   205267450   第三借阅区/ [索取号:X196/117=3] 在馆    
唐山师范学院图书馆 欢迎您!
大连网信软件有限公司© 版权所有